Finite mathematics with calculus (Record no. 7369)
[ view plain ]
| 000 -LEADER | |
|---|---|
| fixed length control field | 00689 a2200193 4500 |
| 020 ## - INTERNATIONAL STANDARD BOOK NUMBER | |
| International Standard Book Number | 007029352X |
| 040 ## - CATALOGING SOURCE | |
| Original cataloging agency | DLC |
| 082 00 - DEWEY DECIMAL CLASSIFICATION NUMBER | |
| Classification number | 510 |
| 100 1# - MAIN ENTRY--PERSONAL NAME | |
| Personal name | Hoffmann, Laurence D., |
| 245 10 - TITLE STATEMENT | |
| Title | Finite mathematics with calculus |
| Statement of responsibility, etc. | Laurence D. Hoffmann, Gerald L. Bradley. |
| 250 ## - EDITION STATEMENT | |
| Edition statement | 2nd ed. |
| 260 ## - PUBLICATION, DISTRIBUTION, ETC. | |
| Place of publication, distribution, etc. | New York : |
| Name of publisher, distributor, etc. | McGraw-Hill, |
| Date of publication, distribution, etc. | c1995. |
| 300 ## - PHYSICAL DESCRIPTION | |
| Extent | 1 v. (various pagings) : |
| Other physical details | ill. (some col.) ; |
| Dimensions | 25 cm. |
| 500 ## - GENERAL NOTE | |
| General note | Eight chapters reprinted from: Mathematics with applications. c1979; seven chapters reprinted from: Brief calculus with applications. 1993. |
| 650 #0 - SUBJECT ADDED ENTRY--TOPICAL TERM | |
| Topical term or geographic name entry element | Mathematics. |
| 700 1# - ADDED ENTRY--PERSONAL NAME | |
| Personal name | Bradley, Gerald L., |
| 700 1# - ADDED ENTRY--PERSONAL NAME | |
| Personal name | Hoffmann, Laurence D., |
| 942 ## - ADDED ENTRY ELEMENTS (KOHA) | |
| Koha item type | Book |
| Call number prefix | 07.11.2001 |
| Source of classification or shelving scheme | |
| Withdrawn status | Lost status | Damaged status | Not for loan | Collection code | Permanent Location | Current Location | Shelving location | Date acquired | Source of acquisition | Total Checkouts | Full call number | Barcode | Date last seen | Price effective from | Koha item type |
|---|---|---|---|---|---|---|---|---|---|---|---|---|---|---|---|
| Central Library (CL) | Central Library (CL) | General Stacks | 11/07/2001 | Donation | 07.11.2001 | SEECS001459 | 11/14/2012 | 01/05/2017 | Book | ||||||
| Central Library (CL) | Central Library (CL) | General Stacks | 11/07/2001 | Donation | 07.11.2001 | SEECS001458 | 11/14/2012 | 01/05/2017 | Book | ||||||
| Central Library (CL) | Central Library (CL) | General Stacks | 02/11/2002 | Donation | 07.11.2001 | SEECS001802 | 11/14/2012 | 01/05/2017 | Book | ||||||
| Central Library (CL) | Central Library (CL) | General Stacks | 10/05/2006 | Donation | 07.11.2001 | SEECSD00093 | 11/14/2012 | 01/05/2017 | Book |
